| 000 | 00799cam a22002054a 4500 | ||
|---|---|---|---|
| 005 | 20250605164247.0 | ||
| 008 | 250528s ||||||||||||||||||||||||d | ||
| 035 | _a21582 | ||
| 020 | _a9789603435556 | ||
| 040 |
_aGR-AtMCL _bgre _dGR-AtMCL _eAACR2 |
||
| 245 | 1 | _aΗ ΟΜΑΔΙΚΗ ΔΙΔΑΣΚΑΛΙΑ ΣΤΗΝ ΕΚΠΑΙΔΕΥΣΗ / Μια θεωρητική και εμπειρική προσέγγιση | |
| 250 | _a1 | ||
| 260 |
_bΑφοι Κυριακιδη, _c2001 |
||
| 300 | _a156 | ||
| 520 | _aΕΚΠΑΙΔΕΥΣΗ ΟΜΑΔΙΚΗ ΔΙΔΑΣΚΑΛΙΑ ΜΟΝΤΕΛΑ ΣΤΟΧΟΙ ΠΡΟΫΠΟΘΕΣΕΙΣ ΟΜΑΔΕΣ ΑΝΑΛΥΣΗ ΔΕΔΟΜΕΝΩΝ ΔΕΔΟΜΕΝΑ | ||
| 700 | 1 |
_aΑναγνωστοπουλου Μ _95662 |
|
| 942 | _cBK | ||
| 999 |
_c6643 _d6643 |
||